Romans jeunesse de Roald Dahl - Statistiques

Statistiques générales
  • Ce quiz a été pris 1 992 fois
  • Le résultat moyen est 4 sur 17
Statistiques - réponses
Année Titre % Correct
1967 Charlie et la Chocolaterie
82%
1988 Matilda
69%
1984 Le Bon Gros Géant
42%
1984 Sacrées Sorcières
36%
1966 James et la Grosse Pêche
35%
1978 Charlie et le Grand Ascenseur de verre
26%
1980 Les Deux Gredins
20%
1977 Fantastique Maître Renard
16%
1982 La Potion magique de Georges Bouillon
16%
1979 Le Doigt magique
12%
1978 Danny champion du monde
10%
1978 L’Énorme Crocodile
10%
1990 Un amour de tortue
10%
1985 La Girafe, le pélican et moi
9%
1991 Les Minuscules
9%
1992 Le Rétrovicaire de Nibbleswicke
6%
2000 Le Trésor de Mildenhall
6%
Aucun quiz correspondant
Distribution des résultats
% des personnes avec chaque résultat
Percentile par nombre de réponses
Votre historique - résultats
Vous n’avez pas pris ce quiz